<El> Stock de capital en Espaňa y su distribucion territorial series de inversión pública en pesetas corrientes por provincias 1955-1994

Salvato in:
Dettagli Bibliografici
Natura: Libro
Lingua:spagnolo
Pubblicazione: Bilbao Fundación BBV 1998
Soggetti:
Tags: Aggiungi Tag
Nessun Tag, puoi essere il primo ad aggiungerne!!

MARC

LEADER 00000nam a2200000 4500
001 c131718
005 20221221083657.6
020 |a 84-88562-91-8 
041 0 |a spa 
044 |a ES 
245 1 0 |a <El> Stock de capital en Espaňa y su distribucion territorial  |b series de inversión pública en pesetas corrientes por provincias 1955-1994 
264 1 |a Bilbao  |b Fundación BBV  |c 1998 
300 |a 391 s. 
610 2 0 |a kapitál 
610 2 0 |a Španielsko